| 000 | 00583nam a2200217Ia 4500 | ||
|---|---|---|---|
| 003 | OSt | ||
| 005 | 20240508101111.0 | ||
| 008 | 210210b2001 xxu||||| |||| 00| 0 eng d | ||
| 040 | _cAL | ||
| 041 | _aEnglish | ||
| 082 | _a306.0954 PAIS | ||
| 100 |
_aPAIS (Richard). _9163697 |
||
| 245 | _aSociology of Indian society. | ||
| 260 |
_aMangalore _bM.S.A. Publications _c2001 |
||
| 300 | _a200 | ||
| 650 |
_aIndian society II B.A. _9163698 |
||
| 650 |
_aSecond year B.A. of Mangalore university _9163699 |
||
| 690 |
_aIndian Society _9163700 |
||
| 906 | _a056137 | ||
| 942 |
_2ddc _cBK |
||
| 999 |
_c103891 _d103891 |
||